Ultimate Harry Potter Cast Quiz Stats

 Plays Quiz not verified by Sporcle

Challenge
Share
Tweet
Embed
Score 0/50 Timer 10:00
0 Plays Today
Character Actor/Actress % Correct
Harry PotterDaniel Radcliffe
99.2%
Hermione GrangerEmma Watson
99.2%
Ron WeasleyRupert Grint
99.2%
Bellatrix LestrangeHelena Bonham Carter
96.6%
Draco MalfoyTom Felton
95.8%
Albus Dumbledore (2004-2011)Michael Gambon
95.8%
Sirius BlackGary Oldman
95.8%
VoldemortRalph Fiennes
95%
Albus Dumbledore (2001-2003)Richard Harris
94.1%
Severus SnapeAlan Rickman
94.1%
Ginny WeasleyBonnie Wright
93.3%
Rubeus HagridRobbie Coltrane
93.3%
Minerva McGonagallMaggie Smith
92.4%
Lucius MalfoyJason Isaacs
90.8%
Cedric DiggoryRobert Pattinson
90.8%
Sybil TrelawneyEmma Thompson
88.2%
Remus LupinDavid Thewlis
87.4%
George WeasleyOliver Phelps
87.4%
Fred WeasleyJames Phelps
86.6%
Luna LovegoodEvanna Lynch
85.7%
Nearly Headless NickJohn Cleese
84%
Mad-Eye MoodyBrendan Gleeson
83.2%
Vernon DursleyRichard Griffiths
83.2%
Peter PettigrewTimothy Spall
83.2%
Barty Crouch JrDavid Tennant
82.4%
Character Actor/Actress % Correct
Neville LongbottomMatthew Lewis
82.4%
Molly WeasleyJulie Walters
79.8%
Dolores UmbridgeImelda Staunton
78.2%
Professor SlughornJim Broadbent
76.5%
Petunia DursleyFiona Shaw
73.9%
Rufus ScrimgeourBill Nighy
73.1%
Garrick OllivanderJohn Hurt
72.3%
Arthur WeasleyMark Williams
66.4%
Rita SkeeterMiranda Richardson
63.9%
Nymphadora TonksNatalia Tena
63.9%
Bill WeasleyDomhnall Gleeson
63.9%
Fleur DelacourClemence Poesy
63.9%
Dudley DursleyHarry Melling
58.8%
Xenophilius LovegoodRhys Ifans
58%
Professor QuirrelIan Hart
55.5%
Narcissa MalfoyHelen McCrory
54.6%
DobbyToby Jones
53.8%
Madam HoochZoe Wanamaker
49.6%
Percy WeasleyChris Rankin
44.5%
Madame MaximeFrances de la Tour
42.9%
Cornelius FudgeRobert Hardy
41.2%
Lily PotterGeraldine Somerville
41.2%
James PotterAdrian Rawlins
37%
Tom Riddle (CoS)Christian Coulson
35.3%
Viktor KrumStanislav Ianevski
32.8%

You're not logged in!

Compare scores with friends on all Sporcle quizzes.
Join for Free
OR
Log In

You Might Also Like...

Show Comments

Extras

Top Quizzes Today


Score Distribution

Your Account Isn't Verified!

In order to create a playlist on Sporcle, you need to verify the email address you used during registration. Go to your Sporcle Settings to finish the process.

Report this User

Report this user for behavior that violates our Community Guidelines.

Details: